000 00666nam a2200289Ia 4500
005 20260324150133.0
008 008 260324s9999 xx 000 0 eng d
020 _a9781003254720
037 _aEBOOK
040 _aCRL
040 _beng
040 _cCRL
041 _2eng
041 _aeng
084 _qCRL
100 _aKenneth Cragg
_91221473
245 4 _aThe Mind of the Qur’ān
245 0 _bChapters in Reflection
260 _bTaylor and Francis
260 _c1973
365 _a
365 _b150
856 _uhttp://www.taylorfrancis.com/books/9781003254720
942 _cEBOOK
999 _c1834337
_d1834337